书目信息 |
| 题名: |
化学化工基础英语
|
|
| 作者: | 刘庆文 主编 | |
| 分册: | ||
| 出版信息: | 北京 化学工业出版社 2008.01 |
|
| 页数: | 244页 | |
| 开本: | 26cm | |
| 丛书名: | ||
| 单 册: | ||
| 中图分类: | H31 | |
| 科图分类: | ||
| 主题词: | 化学--hua xue--英语--高等学校--教材 , 化学工业--hua xue gong ye--英语--高等学校--教材 | |
| 电子资源: | ||
| ISBN: | 978-7-122-01673-7 | |
| 000 | 01058nam0 2200277 450 | |
| 001 | 012008667417 | |
| 005 | 20080419161854.03 | |
| 010 | @a978-7-122-01673-7@dCNY25.00 | |
| 100 | @a20080419d2008 em y0chiy0120 ea | |
| 101 | 0 | @achi@aeng |
| 102 | @aCN@b110000 | |
| 105 | @aa a 000yy | |
| 106 | @ar | |
| 200 | 1 | @a化学化工基础英语@Ahua xue hua gong ji chu ying yu@d= Fundamental English in chemistry & chemical engimeering@f刘庆文主编@Fliu qing wen zhu bian@zeng |
| 210 | @a北京@c化学工业出版社@d2008.01 | |
| 215 | @a244页@c图@d26cm | |
| 300 | @a高职高专“十一五”规划教材 | |
| 320 | @a有书目 (第244页) | |
| 330 | @a本书由三个部分20个单元构成,每个单元又课文、难点注释、词汇表、课后练习和阅读材料组成。本书内容精炼,知识性强。 | |
| 510 | 1 | @aFundamental English in chemistry & chemical engimeering@zeng |
| 606 | 0 | @a化学@Ahua xue@x英语@x高等学校@j教材 |
| 606 | 0 | @a化学工业@Ahua xue gong ye@x英语@x高等学校@j教材 |
| 690 | @aH31@v4 | |
| 701 | 0 | @a刘庆文@Aliu qing wen@4主编 |
| 801 | 0 | @aCN@bQSSK@c20080419 |
| 905 | @b295026-28@dH31@eL667@f3 | |
| 化学化工基础英语= Fundamental English in chemistry & chemical engimeering/刘庆文主编.-北京:化学工业出版社,2008.01 |
| 244页:图;26cm |
| 高职高专“十一五”规划教材 |
| ISBN 978-7-122-01673-7:CNY25.00 |
| 本书由三个部分20个单元构成,每个单元又课文、难点注释、词汇表、课后练习和阅读材料组成。本书内容精炼,知识性强。 |
| ● |
| 相关链接 |
|
|
|
正题名:化学化工基础英语
索取号:H31/L667
 
预约/预借
| 序号 | 登录号 | 条形码 | 馆藏地/架位号 | 状态 | 备注 |
| 1 | 295026 | 202950262 | 语言库209/209语言库 84排2列4层/ [索取号:H31/L667] | 在馆 | |
| 2 | 295027 | 202950271 | 语言库209/209语言库 84排2列4层/ [索取号:H31/L667] | 在馆 | |
| 3 | 295028 | 202950280 | 语言库209/209语言库 103排1列3层/ [索取号:H31/L667] | 在馆 |